| 000 | 00564nam a2200181Ia 4500 | ||
|---|---|---|---|
| 001 | 20910 | ||
| 005 | 20260306172840.0 | ||
| 008 | 260306t2015||||xx |||||||||||||| ||spa|| | ||
| 041 | _aESP | ||
| 082 |
_a343.8 _bS19 |
||
| 100 |
_aSamhan Salgado, Fiorella _eAUT |
||
| 245 | 0 |
_aIlícitos tributarios: _binfracciones tributarias; délitos tributarios y aduaneros, aplicación del principio non bis in idem en el ámbito sancionador tributario |
|
| 260 | _c2015 | ||
| 300 |
_a617 páginas : _c24 cm. |
||
| 650 | _aGEN | ||
| 654 | _aCCO | ||
| 942 |
_cLIB _dJUS _fJUS _2ddc _n |
||
| 999 |
_c20910 _d20910 |
||